| 000 | 01594cam a22002775a 4500 | ||
|---|---|---|---|
| 001 | E144538 | ||
| 008 | 080728s2008 xxka f 000 0 eng d | ||
| 020 | _a9781904829676 | ||
| 035 | _a(Sirsi) u144538 | ||
| 041 | 0 | _aeng | |
| 050 | 0 | 4 | _a333.72 $2 18 |
| 110 | 2 |
_aBuilding Cost Information Service _91096 |
|
| 245 | 0 | 4 |
_aThe greener homes price guide _borganising and budgeting for energy efficiency and reducing your carbon footprint |
| 260 |
_aLondon _bBCIS _c2008 |
||
| 300 |
_a142p. _bill. _c25cm. |
||
| 505 | 2 | _aPart Four. Costing assumptions -- Where to get help: useful contacts -- Location factors -- Inflation indices -- House types | |
| 505 | 2 | _aPart One. Introduction -- Cost information -- Employing a contractor -- Planning and building legislation and regulations -- Grants and VAT | |
| 505 | 2 | _aPart Two. Introduction -- Passive improvements -- Replacement of existing equipment -- Active improvements | |
| 505 | 2 | _aPart Three. Costings -- Payback periods -- Energy savings -- SAP home energy rating and energy performance certificates -- Carbon footprint | |
| 520 | _aProvides information on the cost of carrying out alterations or modifications to increase the energy efficiency and reduce the running costs of domestic property. Offers guidance on obtaining builders or specialist contractors to carry out the work and gives an idea of payback periods and the savings in running costs. | ||
| 521 | _aIntroductory | ||
| 590 | _aKA | ||
| 651 | 4 |
_aUnited Kingdom _y |
|
| 690 | _aENVIRONMENTAL AND LAND CONSULTANCY-ENERGY-ENERGY USE-ENERGY EFFICIENCY | ||
| 942 | _n0 | ||
| 999 |
_c108533 _d108533 |
||